000 00462nam a22001812 4500
001 0000005479
005 20151217160104.0
008 070614s xx 000 0 eng d
040 _aKABU
_cKABU
050 0 _aPE1119
_b.W3N68
100 1 _aWaihenya, Waithaka.
_@0000148729
245 1 0 _aNot so soon!.
260 _aNairobi :
_bOUP,
_c2000.
300 _a28 p.
908 _a070614
950 _@1
999 _c14049
_d14049